Fundamentals of statistical quality control (Record no. 36401)

MARC details
000 -LEADER
fixed length control field 00289nam a2200109Ia 4500
082 ## - DEWEY DECIMAL CLASSIFICATION NUMBER
Item number BRA
100 ## - MAIN ENTRY--AUTHOR NAME
Personal name Braverman, Jerome D
245 #0 - TITLE STATEMENT
Title Fundamentals of statistical quality control
260 ## - PUBLICATION, DISTRIBUTION, ETC. (IMPRINT)
Place of publication Virginia
Name of publisher Prentice Hall
Year of publication 1981
942 ## - ADDED ENTRY ELEMENTS (KOHA)
Koha item type Books
Holdings
Withdrawn status Lost status Damaged status Not for loan Home library Current library Date acquired Cost, normal purchase price Full call number Accession Number Koha item type
        RRII Library RRII Library 16/12/2021 20.95 BRA 16807 Books